000 00483nam a22001697a 4500
999 _c9499
_d9499
003 GBCCL
005 20241126110713.0
008 230214b ||||| |||| 00| 0 eng d
040 _cgbc
082 _aVER 390.08
_bPAI
245 _aPaite Pupa Ngeina leh a kizatnate:
_b2vei puahphatna 2013
260 _aLamka:
_bPaite Tribe Council,
_c2020
300 _a76p. ;
650 _aCustom
_vPaite
_916550
650 _aCustomary law and practices
_vPaite
_zIndia
_916551
942 _2ddc
_cBK
_03